Statistics for Soccer Stadiums by European City - Map Quiz

Click here to take the quiz!

General Stats

  • This quiz has been taken 2,380 times
  • The average score is 12 of 14

Answers on the Map

Answers color-coded by a green-red scale on the quiz's map according to % correct below.
 

Answer Stats

Answer% Correct
Old Trafford (Manchester)
92%
Camp Nou (Barcelona)
91%
Estádio da Luz (Lisbon)
90%
Stade de France (Paris)
90%
Allianz Arena (Munich)
88%
Santiago Bernabéu (Madrid)
88%
Friends Arena (Stockholm)
87%
Stadio Olimpico (Rome)
87%
Stadium Puskás Ferenc (Budapest)
87%
Wembley Stadium (London)
87%
Amsterdam Arena (Amsterdam)
85%
San Siro (Milan)
85%
King Baudouin Stadium (Brussels)
84%
Olympiastadion (Berlin)
75%

Score Distribution

Percentile by Number Answered

Percent of People with Each Score

Your Score History

You have not taken this quiz